Personal finance turning money into wealth

Gespeichert in:
Bibliographische Detailangaben
1. Verfasser: Keown, Arthur J.
Format: Buch
Sprache:Englisch
Veröffentlicht: Boston Pearson 2016
Ausgabe:7th ed.
Schriftenreihe:<The> Pearson series in finance
Schlagworte:
Tags: Tag hinzufügen
Keine Tags, Fügen Sie das erste Tag hinzu!

MARC

LEADER 00000nam a2200000 4500
001 0231319
005 20240226124414.2
020 |a 978-0-13-385643-9 
041 0 |a eng 
044 |a US 
245 1 0 |a Personal finance  |b turning money into wealth  |c Arthur J. Keown 
250 |a 7th ed. 
264 1 |a Boston  |b Pearson  |c 2016 
300 |a 619 s. 
490 1 |a <The> Pearson series in finance 
830 0 |a <The> Pearson series in finance 
610 2 0 |a peniaze 
610 2 0 |a financie osobné 
610 2 0 |a plánovanie 
610 2 0 |a dane 
610 2 0 |a mena 
610 2 0 |a riadenie 
610 2 0 |a úver 
610 2 0 |a pôžičky 
610 2 0 |a študenti 
610 2 0 |a nákup 
610 2 0 |a poistenie životné 
610 2 0 |a poistenie zdravotné 
610 2 0 |a poistenie majetku 
610 2 0 |a investície 
610 2 0 |a akcie 
610 2 0 |a bondy 
610 2 0 |a penzie 
610 2 0 |a nehnuteľnosti 
100 1 |a Keown, Arthur J.